[Event "GRE-chT 43rd"]
[Site "Porto Rio"]
[Date "2015.10.10"]
[Round "5.13"]
[White "Plouska, Antigoni"]
[Black "Gavriilidi, Despina"]
[Result "1-0"]
[WhiteElo "1185"]
[BlackElo "1307"]
[PlyCount "81"]
[EventDate "2015.10.08"]
[EventType "team-swiss"]
[EventRounds "7"]
[EventCountry "GRE"]
[SourceTitle "CBM 168 Extra"]
[Source "ChessBase"]
[SourceDate "2015.10.29"]
[SourceVersion "1"]
[SourceVersionDate "2015.10.29"]
[SourceQuality "1"]
[WhiteTeam "Thinalios"]
[BlackTeam "New Filadelfeias"]
[WhiteTeamCountry "GRE"]
[BlackTeamCountry "GRE"]

1. d4 e6 2. Bf4 d5 3. Nf3 c5 4. c3 Nc6 5. e3 Qb6 6. Qb3 Qxb3 7. axb3 a6 8. Nbd2 Nf6 9. h3 cxd4 10. exd4 Be7 11. Bd3 h6 12. 0-0 0-0 13. Rfe1 b5 14. Bxb5 Bb7 15. Bd3 Rfd8 16. Ne5 Nxe5 17. Bxe5 Nd7 18. Bh2 Re8 19. Nf3 Bf6 20. Re2 g6 21. Rae1 Rac8 22. Bf4 Bg7 23. Ra1 Rc6 24. Ra5 f6 25. Bh2 g5 26. Rxd5 Nb6 27. Rd6 Rxd6 28. Bxd6 Nd7 29. Bg6 Rc8 30. Rxe6 Bd5 31. Re8+ Rxe8 32. Bxe8 Nb6 33. c4 Be4 34. Nd2 f5 35. Bc5 Nc8 36. Bd7 Bb7 37. Bxf5 Bf8 38. Bxf8 Kxf8 39. Bxc8 Bxc8 40. Kf1 Ke7 41. Ke2 1-0

[Event "GRE-chT 43rd"]
[Site "Porto Rio"]
[Date "2015.10.08"]
[Round "2.10"]
[White "Genova, Liubka"]
[Black "Gavriilidi, Despina"]
[Result "1-0"]
[WhiteElo "2204"]
[BlackElo "1307"]
[PlyCount "59"]
[EventDate "2015.10.08"]
[EventType "team-swiss"]
[EventRounds "7"]
[EventCountry "GRE"]
[SourceTitle "CBM 168 Extra"]
[Source "ChessBase"]
[SourceDate "2015.10.29"]
[SourceVersion "1"]
[SourceVersionDate "2015.10.29"]
[SourceQuality "1"]
[WhiteTeam "Florinas OP"]
[BlackTeam "New Filadelfeias"]
[WhiteTeamCountry "GRE"]
[BlackTeamCountry "GRE"]

1. e4 e6 2. d3 d5 3. Qe2 dxe4 4. dxe4 Nf6 5. Nf3 Nc6 6. e5 Nd7 7. g3 b6 8. Bg2 Bb7 9. 0-0 Qe7 10. c3 0-0-0 11. b4 f6 12. exf6 gxf6 13. a4 a5 14. bxa5 Nxa5 15. Ba3 Qf7 16. Bb4 Nb3 17. Ra3 Nbc5 18. a5 Ba6 19. c4 e5 20. Nfd2 Qe6 21. Nc3 f5 22. Rfa1 e4 23. axb6 Qxb6 24. Nd5 Qc6 25. Nxc7 Nd3 26. R3a2 Bxc4 27. Nxc4 Qxc4 28. Rc2 Qb3 29. Ne6+ Kb7 30. Nxd8+ 1-0

[Event "GRE-ch U18 Girls"]
[Site "Nikaia"]
[Date "2012.01.09"]
[Round "9"]
[White "Gavriilidi, Despina"]
[Black "Pournara, Aikaterini"]
[Result "1-0"]
[WhiteElo "1000"]
[BlackElo "1419"]
[PlyCount "109"]
[EventDate "2012.01.03"]
[EventType "swiss"]
[EventRounds "9"]
[EventCountry "GRE"]
[SourceTitle "CBM 146 Extra"]
[Source "ChessBase"]
[SourceDate "2012.02.29"]
[SourceVersion "1"]
[SourceVersionDate "2012.02.29"]
[SourceQuality "1"]

1. e4 c6 2. d4 d5 3. Nc3 dxe4 4. Nxe4 Nd7 5. Bf4 e6 6. Nf3 Ngf6 7. Nc3 b6 8. a3 Bb7 9. Bc4 Be7 10. 0-0 h6 11. Re1 g5 12. Bg3 Rg8 13. h3 Bf8 14. Ne5 h5 15. Nxd7 Qxd7 16. Be5 Qe7 17. Ne4 Nxe4 18. Rxe4 c5 19. Bb5+ Kd8 20. dxc5+ Kc8 21. Rd4 Bg7 22. Bd7+ Kd8 23. Bc6+ Kc8 24. Bxb7+ Qxb7 25. Bxg7 bxc5 26. Rc4 Qc7 27. Bd4 Rd8 28. Rxc5 Qxc5 29. Bxc5 Rxd1+ 30. Rxd1 Rb8 31. b4 a6 32. Rd3 Rb7 33. Rd6 a5 34. Rb6 Rxb6 35. Bxb6 axb4 36. axb4 Kb7 37. Ba5 Kc6 38. c4 f5 39. b5+ Kb7 40. c5 e5 41. c6+ Kc8 42. b6 e4 43. b7+ Kb8 44. Bc3 Kc7 45. Be5+ Kxc6 46. b8Q Kc5 47. Qd6+ Kc4 48. Qd4+ Kb3 49. Qc3+ Ka4 50. Bd6 Kb5 51. Qc5+ Ka6 52. Qb4 Ka7 53. Bc5+ Ka8 54. Qb6 g4 55. Qa7# 1-0